00370nam a2200121 a 450000500170000000800410001705000210005824500530007926000610013244000350019365000100022865000100023820140414132104.0100823s19uu xx 00 eng d aTR 611bB64 2002 aBones and hearts and other parts :bFor ages 8+. aGreensboro, North Carolina :bWild Goose Company,c2002. aReal Science-Real fun! at home aBones aHeart